[Event "20th WCh U20 Girls"]
[Site "Panaji IND"]
[Date "2002.12.17"]
[Round "10"]
[White "Priya Panneer, Ramachandran"]
[Black "Ubiennykh, Ekaterina"]
[Result "0-1"]
[WhiteElo "2106"]
[BlackElo "2210"]
[EventDate "2002.12.09"]
[PlyCount "108"]

1.e4 c5 2.c3 d5 3.exd5 Qxd5 4.d4 Nf6 5.Nf3 Nc6 6.Be3 e6 7.Be2 cxd4 8.cxd4 
Be7 9.Nc3 Qd6 10.O-O O-O 11.Qd2 Rd8 12.Rfd1 Qd7 13.Rac1 Qe8 14.a3 a6 15.
Qc2 Nd5 16.Nxd5 exd5 17.Bd3 g6 18.Re1 Qf8 19.Qd2 Bf6 20.Bh6 Bg7 21.Bxg7 
Qxg7 22.Bb1 Be6 23.Ne5 Nxe5 24.Rxe5 Rac8 25.Rce1 Rc6 26.f4 Qh6 27.Qf2 Rdc8
28.Qe3 Qh4 29.Rf1 Kh8 30.f5 gxf5 31.Bxf5 Rg8 32.Bxe6 fxe6 33.Rxd5 Rxg2+ 
34.Kxg2 Rc2+ 35.Rf2 Rxf2+ 36.Qxf2 Qxf2+ 37.Kxf2 exd5 38.Kf3 Kg7 39.Kg3 Kg6
40.Kg4 h6 41.h3 Kf6 42.h4 Kg6 43.Kg3 Kf5 44.h5 Ke4 45.Kg4 b6 46.b3 Kxd4 
47.Kf5 Kc3 48.Kg6 d4 49.Kxh6 d3 50.Kg7 d2 51.h6 d1=Q 52.h7 Qd7+ 53.Kg8 
Qxh7+ 54.Kxh7 Kxb3 0-1

[Event "20th WCh U20 Girls"]
[Site "Panaji IND"]
[Date "2002.12.17"]
[Round "10"]
[White "Vinuthna, N."]
[Black "Tania, Sachdev"]
[Result "0-1"]
[WhiteElo "2089"]
[BlackElo "2189"]
[EventDate "2002.12.09"]
[PlyCount "120"]

1.e4 c5 2.Nf3 e6 3.b3 d6 4.Bb5+ Bd7 5.Bxd7+ Nxd7 6.O-O Ngf6 7.Qe2 Be7 8.d4
cxd4 9.Nxd4 O-O 10.c4 a6 11.Bb2 Qc7 12.Nc3 Rfe8 13.Rad1 Bf8 14.f4 b6 15.
Nf3 e5 16.f5 Qc5+ 17.Kh1 b5 18.Nd2 Nb8 19.Rc1 Qb6 20.Nd5 Nxd5 21.cxd5 Be7 
22.Rf3 Nd7 23.Rfc3 Bg5 24.Rg3 Bf4 25.Rgc3 Nf6 26.R1c2 h5 27.Rc6 Qe3 28.
Qxe3 Bxe3 29.Nf1 Bc5 30.Nd2 Be3 31.Nf1 Bc5 32.Nd2 Ng4 33.h3 Nf2+ 34.Kh2 h4
35.a3 a5 36.g3 hxg3+ 37.Kxg3 Nd3 38.Nb1 Rec8 39.Rxc8+ Rxc8 40.a4 bxa4 41.
bxa4 Bf2+ 42.Rxf2 Nxf2 43.Kxf2 Rc2+ 44.Ke3 Rxb2 45.Nc3 Kf8 46.Kd3 Rh2 47.
Kc4 Rxh3 48.Nb5 Ke7 49.Na7 Kd7 50.Kb5 Re3 51.Kxa5 Rxe4 52.Nc6 Rc4 53.Kb5 
Rc5+ 54.Kb6 e4 55.a5 e3 56.a6 e2 57.a7 e1=Q 58.Nb8+ Kc8 59.a8=Q Qb4+ 60.
Ka7 Rc7+ 0-1

[Event "20th WCh U20 Girls"]
[Site "Panaji IND"]
[Date "2002.12.17"]
[Round "10"]
[White "Churun, Polina"]
[Black "Chandra, Koneru"]
[Result "0-1"]
[WhiteElo "2162"]
[BlackElo "2086"]
[EventDate "2002.12.09"]
[PlyCount "52"]

1.e4 c6 2.c4 d5 3.cxd5 cxd5 4.exd5 Qxd5 5.Nc3 Qd8 6.d4 Nf6 7.Nf3 e6 8.Bc4 
Nc6 9.O-O Be7 10.Re1 O-O 11.Bf4 a6 12.a4 Nb4 13.Ne5 Nbd5 14.Bg3 Bd7 15.Qe2
Bb4 16.Rec1 Ne4 17.Qxe4 Bc8 18.Bh4 Nf6 19.Qf4 Be7 20.Nc6 Nd5 21.Bd3 g6 22.
Qe4 Qd7 23.Bg3 Qxc6 24.Qe1 Qxa4 25.Bc4 Qd7 26.b3 Nb4 0-1

[Event "20th WCh U20 Girls"]
[Site "Panaji IND"]
[Date "2002.12.17"]
[Round "10"]
[White "Nilavoli, Hariharan"]
[Black "Kasturi, M."]
[Result "1-0"]
[WhiteElo "2064"]
[BlackElo "2158"]
[EventDate "2002.12.09"]
[PlyCount "129"]

1.e4 c5 2.Nf3 Nc6 3.d4 cxd4 4.Nxd4 Nf6 5.Nc3 e5 6.Ndb5 d6 7.Bg5 a6 8.Na3 
b5 9.Bxf6 gxf6 10.Nd5 f5 11.Bd3 Be6 12.O-O Bxd5 13.exd5 Ne7 14.c3 Bg7 15.
Qh5 e4 16.Bc2 O-O 17.Rad1 Qe8 18.Bb1 Ng6 19.Kh1 b4 20.cxb4 Bxb2 21.Nc2 f4 
22.Nd4 Bxd4 23.Rxd4 f5 24.Rdd1 Qd7 25.Rc1 Rac8 26.Qe2 Rxc1 27.Rxc1 Rc8 28.
Qd2 Kf7 29.Kg1 Qb7 30.Rc2 Kf6 31.h3 Ne5 32.Qxf4 Rxc2 33.Bxc2 Qxb4 34.Kh2 
Ng6 35.Qe3 Qb2 36.Bb3 Qe5+ 37.Kg1 f4 38.Qe2 e3 39.Kf1 Qa1+ 40.Qe1 Qxe1+ 
41.Kxe1 exf2+ 42.Kxf2 Ke5 43.Kf3 Ne7 44.Bc2 h6 45.Bb3 Nf5 46.Kg4 Ne3+ 47.
Kf3 Nf5 48.Kg4 Ne7 49.Kf3 a5 50.Kg4 Nf5 51.a4 Nd4 52.Ba2 Ne2 53.Kf3 Nc3 
54.Bb3 Ne4 55.Kg4 Nc5 56.Bc2 Nd7 57.Kh5 Kxd5 58.Kxh6 Kd4 59.Kg5 Ke3 60.h4 
d5 61.h5 d4 62.h6 d3 63.Bxd3 Kxd3 64.h7 Ne5 65.Kf6 1-0

[Event "20th WCh U20 Girls"]
[Site "Panaji IND"]
[Date "2002.12.17"]
[Round "10"]
[White "Lapinskaite, Sarune"]
[Black "Kurbanova, Maygozel"]
[Result "1/2-1/2"]
[WhiteElo "2034"]
[BlackElo "2147"]
[EventDate "2002.12.09"]
[PlyCount "44"]

1.e4 d5 2.exd5 Qxd5 3.Nc3 Qa5 4.h3 Nf6 5.d4 c6 6.Nf3 Bf5 7.Bd2 Qc7 8.Bc4 
e6 9.Bb3 Nbd7 10.Qe2 Bd6 11.Nh4 Bg6 12.Nxg6 hxg6 13.O-O-O O-O-O 14.Kb1 Kb8
15.Ne4 Nxe4 16.Qxe4 Nf6 17.Qf3 Rhe8 18.Bg5 Be7 19.Bf4 Bd6 20.Bg5 Be7 21.
Bf4 Bd6 22.Bg5 Be7 1/2-1/2

[Event "20th WCh U20 Girls"]
[Site "Panaji IND"]
[Date "2002.12.17"]
[Round "10"]
[White "Anuprita, Patil"]
[Black "Coimbra, Margarida Goncalves"]
[Result "1/2-1/2"]
[WhiteElo "2093"]
[BlackElo "2082"]
[EventDate "2002.12.09"]
[PlyCount "72"]

1.e4 e5 2.Nf3 Nc6 3.d4 exd4 4.Bc4 Bc5 5.c3 Nf6 6.cxd4 Bb4+ 7.Bd2 Bxd2+ 8.
Nbxd2 d5 9.exd5 Nxd5 10.Qb3 Nce7 11.O-O O-O 12.Rfe1 Nb6 13.Bd3 Bf5 14.Bxf5
Nxf5 15.Qd3 Nd6 16.Ne4 Nxe4 17.Rxe4 Nd5 18.Rae1 c6 19.Rh4 g6 20.Qd2 Qf6 
21.Qh6 Qg7 22.Qg5 Rfe8 23.Rhe4 Qf8 24.Qh4 Rxe4 25.Qxe4 Rd8 26.h3 Nf6 27.
Qe5 Qd6 28.Qxd6 Rxd6 29.Re7 Rd7 30.Rxd7 Nxd7 31.Kf1 Kf8 32.Ke2 Ke7 33.Kd3 
Nf6 34.a3 h6 35.g3 Nd5 36.Ne5 Nf6 1/2-1/2

[Event "20th WCh U20 Girls"]
[Site "Panaji IND"]
[Date "2002.12.17"]
[Round "10"]
[White "Rajalakshmi, C. V."]
[Black "Anoori, Mehul Shah"]
[Result "1/2-1/2"]
[WhiteElo "2018"]
[BlackElo "2109"]
[EventDate "2002.12.09"]
[PlyCount "99"]

1.c4 Nf6 2.Nc3 d5 3.cxd5 Nxd5 4.g3 e5 5.Bg2 Be6 6.Qb3 Nb4 7.Qd1 N8c6 8.Nf3
Nd4 9.O-O Nbc6 10.d3 Be7 11.Be3 O-O 12.Qd2 f6 13.Ne1 Qd7 14.Nc2 Nxc2 15.
Qxc2 Nd4 16.Bxd4 exd4 17.Ne4 Bd5 18.Rac1 Bxe4 19.Bxe4 c6 20.b4 f5 21.Bf3 
Bg5 22.Rb1 Kh8 23.Qc5 Rfd8 24.b5 Rac8 25.Qxa7 cxb5 26.Qxb7 Qxb7 27.Bxb7 
Rc5 28.f4 Be7 29.Rb2 Rb8 30.Bf3 b4 31.Rfb1 Rc3 32.Bd5 h6 33.h4 g6 34.Kf2 
Bc5 35.Rb3 Rd8 36.Bf3 Rd7 37.R1b2 Ra7 38.Bd5 Rd7 39.Bc4 Rb7 40.Bd5 Rd7 41.
Bf3 Ra7 42.Rxb4 Bxb4 43.Rxb4 Rxa2 44.Rxd4 Ra7 45.Rd6 Kg7 46.Bd5 Raa3 47.
Rd8 Ra5 48.Bc4 Rc5 49.Bd5 Rc7 50.Bf3 1/2-1/2

[Event "20th WCh U20 Girls"]
[Site "Panaji IND"]
[Date "2002.12.17"]
[Round "10"]
[White "Bjerke, Silje"]
[Black "Trujillo Delgado, Dafnae"]
[Result "1-0"]
[WhiteElo "2065"]
[BlackElo "2036"]
[EventDate "2002.12.09"]
[PlyCount "63"]

1.d4 Nf6 2.c4 c5 3.d5 b5 4.cxb5 a6 5.f3 e6 6.e4 c4 7.d6 axb5 8.Nc3 Qb6 9.
e5 Nd5 10.Nxd5 exd5 11.Qxd5 Bb7 12.Qd1 Nc6 13.f4 g5 14.Nf3 gxf4 15.Bxf4 
Bg7 16.Qd2 O-O-O 17.Be2 Rde8 18.Be3 Qa6 19.O-O Nxe5 20.a4 Nc6 21.Rfc1 Re4 
22.Bf2 Rhe8 23.Bf1 h6 24.Qd5 Nd4 25.Qxf7 Nxf3+ 26.gxf3 R4e5 27.axb5 Qxd6 
28.Rxc4+ Kd8 29.Bh4+ Rg5+ 30.Bxg5+ hxg5 31.Qxg7 Qb6+ 32.Qd4 1-0

[Event "20th WCh U20 Girls"]
[Site "Panaji IND"]
[Date "2002.12.17"]
[Round "10"]
[White "Nimmy, A. G."]
[Black "Jennitha, Anto"]
[Result "1-0"]
[WhiteElo "2004"]
[BlackElo "1989"]
[EventDate "2002.12.09"]
[PlyCount "90"]

1.e4 d6 2.d4 Nf6 3.Nc3 g6 4.f4 Bg7 5.Nf3 O-O 6.Bd3 Nc6 7.O-O Bg4 8.Be3 e5 
9.fxe5 dxe5 10.d5 Ne7 11.h3 Bxf3 12.Qxf3 Ne8 13.Qg4 Qc8 14.Qh4 f6 15.Rf3 
Nd6 16.Bh6 g5 17.Qh5 Ng6 18.Bxg7 Kxg7 19.g3 a6 20.Kh1 b5 21.a3 Qd7 22.Rff1
Rac8 23.Rae1 Rb8 24.Nd1 Qe8 25.Qf3 Ne7 26.Ne3 Qg6 27.Rf2 h5 28.Ref1 Ng8 
29.Qe2 Nh6 30.g4 h4 31.b4 Qe8 32.Rc1 Qd7 33.c4 Ra8 34.c5 Ne8 35.Qf1 Kg6 
36.Ra2 Ng7 37.Rca1 Rab8 38.Qe1 c6 39.a4 Qb7 40.Nc2 Kf7 41.d6 Ne6 42.Qc3 
Kg6 43.Qa3 Nf4 44.Bf1 Qd7 45.Ne3 Qf7 1-0

[Event "20th WCh U20 Girls"]
[Site "Panaji IND"]
[Date "2002.12.18"]
[Round "11"]
[White "Tian Tian"]
[Black "Kosintseva, Tatiana"]
[Result "0-1"]
[WhiteElo "2311"]
[BlackElo "2427"]
[EventDate "2002.12.09"]
[PlyCount "70"]

1.e4 c5 2.Nc3 Nc6 3.g3 g6 4.Bg2 Bg7 5.d3 d6 6.Be3 b6 7.Qd2 Bb7 8.Nf3 Qd7 
9.O-O Nf6 10.Bh6 O-O 11.Bxg7 Kxg7 12.Nh4 Ng8 13.f4 f5 14.exf5 gxf5 15.Rae1
Rae8 16.Nd1 e6 17.Ne3 Nf6 18.c3 Ne7 19.Nf3 Ng6 20.Re2 Kh8 21.Rfe1 e5 22.
fxe5 dxe5 23.Nc4 Bxf3 24.Bxf3 Qc7 25.Qg5 b5 26.Ne3 e4 27.dxe4 fxe4 28.Bg4 
Ne5 29.Nd5 Nfxg4 30.Qxg4 Qf7 31.Qxe4 Nf3+ 32.Qxf3 Qxf3 33.Rxe8 Qf2+ 34.Kh1
Rxe8 35.Rxe8+ Kg7 0-1

[Event "20th WCh U20 Girls"]
[Site "Panaji IND"]
[Date "2002.12.18"]
[Round "11"]
[White "Khasanova, Elmira"]
[Black "Harika, Dronavalli"]
[Result "0-1"]
[WhiteElo "2325"]
[BlackElo "2248"]
[EventDate "2002.12.09"]
[PlyCount "102"]

1.d4 Nf6 2.c4 g6 3.f3 d5 4.cxd5 Nxd5 5.e4 Nb6 6.Nc3 Bg7 7.Be3 e5 8.d5 O-O 
9.Qd2 c6 10.O-O-O cxd5 11.exd5 N8d7 12.h4 Nf6 13.g4 Bd7 14.Kb1 Rc8 15.h5 
Nc4 16.Bxc4 Rxc4 17.Nge2 b5 18.Bh6 b4 19.Ne4 Rxe4 20.Bxg7 Kxg7 21.fxe4 
Bxg4 22.hxg6 fxg6 23.Qh6+ Kg8 24.Rdg1 Rf7 25.Ng3 Bf3 26.Rh4 Ng4 27.Rxg4 
Bxg4 28.Qd2 Qb6 29.Rg2 Qc5 30.Qg5 Rc7 31.Qd8+ Kg7 32.Qg5 Qd4 33.Qd2 Qxd2 
34.Rxd2 h5 35.Rc2 Rf7 36.Rh2 Rf3 37.Nh1 g5 38.Nf2 Bd7 39.Kc2 h4 40.Kd2 h3 
41.Nd3 Rxd3+ 42.Kxd3 g4 43.Rc2 g3 44.Rc7 h2 45.Rxd7+ Kg6 46.Rd8 h1=Q 47.
Rg8+ Kf6 48.Rxg3 Qd1+ 49.Kc4 Qe2+ 50.Kxb4 Qxb2+ 51.Kc5 Qf2+ 0-1

[Event "20th WCh U20 Girls"]
[Site "Panaji IND"]
[Date "2002.12.18"]
[Round "11"]
[White "Karavade, Eesha"]
[Black "Kosintseva, Nadezhda"]
[Result "0-1"]
[WhiteElo "2171"]
[BlackElo "2388"]
[EventDate "2002.12.09"]
[PlyCount "154"]

1.Nf3 f5 2.c4 Nf6 3.g3 g6 4.Bg2 Bg7 5.O-O O-O 6.Nc3 d6 7.d4 Qe8 8.Nd5 Nxd5
9.cxd5 Nd7 10.Ng5 Nb6 11.e4 e5 12.dxe6 h6 13.Nh3 fxe4 14.Bxe4 Qxe6 15.Bg2 
g5 16.f4 g4 17.Nf2 h5 18.Re1 Qf6 19.Be3 c6 20.Ne4 Qg6 21.Ng5 Bf5 22.Qb3+ 
d5 23.Bf2 Rfe8 24.Qb4 Bf6 25.Rxe8+ Rxe8 26.Re1 Rxe1+ 27.Qxe1 Nc4 28.b3 Nd6
29.Qb4 Be7 30.Qd2 Kg7 31.Qe3 Bxg5 32.fxg5 Be4 33.Bf1 Nf7 34.h4 gxh3 35.
Bxh3 Nxg5 36.Bc8 Nf3+ 37.Kf1 Qf7 38.Qf4 Qxf4 39.gxf4 b6 40.Bd7 h4 41.Ke2 
Kf7 42.Bg4 Nh2 43.Bh5+ Bg6 44.Bxg6+ Kxg6 45.Bxh4 Kf5 46.Ke3 Nf1+ 47.Ke2 
Nh2 48.Ke3 Ng4+ 49.Kf3 Nh6 50.a3 Nf7 51.Be7 Nh8 52.b4 b5 53.Bd6 Nf7 54.Bb8
a6 55.Bc7 Kg6 56.Kg4 Nh6+ 57.Kf3 Nf5 58.Be5 Kh5 59.Bf6 Nd6 60.Be7 Nc4 61.
f5 Nxa3 62.Kf4 Nc4 63.Bf8 Nb6 64.Bg7 Nd7 65.Bh8 Kh6 66.Be5 Nb6 67.Bf6 Nc4 
68.Bd8 Kg7 69.f6+ Kf7 70.Kg5 Nd2 71.Kf5 Nf3 72.Bb6 a5 73.Bxa5 Nxd4+ 74.Ke5
Nb3 75.Kd6 d4 76.Bb6 c5 77.bxc5 d3 0-1

[Event "20th WCh U20 Girls"]
[Site "Panaji IND"]
[Date "2002.12.18"]
[Round "11"]
[White "Prathiba, Yuvarajan"]
[Black "Drljevic, Ljilja"]
[Result "1-0"]
[WhiteElo "2223"]
[BlackElo "2139"]
[EventDate "2002.12.09"]
[PlyCount "137"]

1.e4 d6 2.d4 Nf6 3.Nc3 g6 4.f4 Bg7 5.Nf3 O-O 6.Bd3 Na6 7.O-O c5 8.d5 Bg4 
9.a3 Nc7 10.Qe1 Bxf3 11.Rxf3 Rb8 12.a4 a6 13.a5 b5 14.axb6 Rxb6 15.Na4 Rb7
16.Rh3 e6 17.dxe6 fxe6 18.Qh4 Nh5 19.Qxd8 Rxd8 20.f5 Bd4+ 21.Kh1 Be5 22.
Rf3 Nb5 23.c3 gxf5 24.exf5 exf5 25.Bxf5 Ng7 26.Bg5 Re8 27.Be4 Rbb8 28.Raf1
Nc7 29.Bc6 Rf8 30.Rxf8+ Rxf8 31.Rxf8+ Kxf8 32.Nb6 Nge6 33.Nd7+ Kg7 34.Nxe5
Nxg5 35.Nc4 Nf7 36.g3 Kf6 37.Nd2 d5 38.Kg2 Ke6 39.Ba4 Nd6 40.Bc2 h6 41.Kf3
Kf6 42.Bd3 Nf7 43.Be2 Ne5+ 44.Ke3 Ne6 45.Nb3 Nc7 46.Nxc5 a5 47.Nb3 Nc6 48.
Nd4 Ne5 49.h3 a4 50.Nf3 Nc6 51.Bd1 Na5 52.Nd2 a3 53.bxa3 Nb5 54.a4 Nxc3 
55.Bc2 Nc6 56.Nf3 Nb4 57.Kd2 Ne4+ 58.Bxe4 dxe4 59.Nd4 Ke5 60.Nc2 Na6 61.
Kc3 h5 62.Ne3 Nc5 63.a5 Kd6 64.Kc4 Ne6 65.Kb5 Kc7 66.a6 Nd4+ 67.Kc5 Ne2 
68.Nd5+ Kb8 69.Kb6 1-0

[Event "20th WCh U20 Girls"]
[Site "Panaji IND"]
[Date "2002.12.18"]
[Round "11"]
[White "Matras, Agnieszka"]
[Black "Priyadarshini, M."]
[Result "1/2-1/2"]
[WhiteElo "2247"]
[BlackElo "2097"]
[EventDate "2002.12.09"]
[PlyCount "123"]

1.e4 c6 2.d4 d5 3.exd5 cxd5 4.c4 Nf6 5.Nc3 e6 6.Nf3 Bb4 7.cxd5 Nxd5 8.Bd2 
Nc6 9.Bd3 O-O 10.h4 Nf6 11.Bg5 h6 12.Qd2 hxg5 13.hxg5 g6 14.gxf6 Qxf6 15.
O-O-O Rd8 16.Qh6 Qg7 17.Ng5 Qxh6 18.Rxh6 Bf8 19.Rh3 Rxd4 20.Nce4 Bg7 21.
Nh7 Bd7 22.Rdh1 Rc8 23.Kb1 Nb4 24.Nef6+ Bxf6 25.Nxf6+ Kg7 26.Nxd7 Rxd7 27.
Be4 Rcd8 28.b3 Nd5 29.Rh7+ Kf8 30.R7h3 Nf6 31.Rh8+ Ke7 32.Rxd8 Kxd8 33.Bf3
Ke7 34.Rh8 b6 35.Ra8 e5 36.Kc1 e4 37.Be2 Ke6 38.Bc4+ Ke5 39.Rf8 Nd5 40.
Re8+ Kd4 41.Bxd5 Kxd5 42.Kd2 Kd4 43.f3 exf3 44.gxf3 g5 45.Re4+ Kc5+ 46.Kc3
f5 47.Re5+ Rd5 48.Re7 a5 49.Rc7+ Kd6 50.Rg7 f4 51.a3 Re5 52.Kc4 Re3 53.
Rg6+ Kc7 54.Rxg5 Rxf3 55.Rf5 a4 56.bxa4 Rxa3 57.Kb5 Rb3+ 58.Kc4 Rf3 59.Kb5
Rb3+ 60.Kc4 Ra3 61.Kb5 Rb3+ 62.Kc4 1/2-1/2

[Event "20th WCh U20 Girls"]
[Site "Panaji IND"]
[Date "2002.12.18"]
[Round "11"]
[White "Makka, Ioulia"]
[Black "Chandra, Koneru"]
[Result "1-0"]
[WhiteElo "2257"]
[BlackElo "2086"]
[EventDate "2002.12.09"]
[PlyCount "99"]

1.e4 c6 2.d4 d5 3.Nd2 dxe4 4.Nxe4 Nd7 5.Bc4 Ngf6 6.Ng5 e6 7.Qe2 Nb6 8.Bd3 
h6 9.N5f3 c5 10.dxc5 Bxc5 11.Ne5 Qc7 12.Ngf3 Bb4+ 13.Bd2 Bxd2+ 14.Qxd2 Bd7
15.O-O-O Bc6 16.Nxc6 Qxc6 17.Rhe1 O-O-O 18.Kb1 Qc7 19.Qa5 Kb8 20.Qe5 Nbd7 
21.Qe2 Nd5 22.g3 Nb4 23.a3 Nxd3 24.Rxd3 Nf6 25.Rc3 Qd6 26.Ne5 Rhf8 27.Qb5 
Nd5 28.Rb3 Nb6 29.Nc4 Qd5 30.Nxb6 Qxb5 31.Rxb5 axb6 32.Rxb6 Rd2 33.Re3 Rc8
34.Rf3 Rcxc2 35.Rxf7 Rc7 36.Rxc7 Kxc7 37.Rxe6 Rxf2 38.Re7+ Kc6 39.h4 g5 
40.hxg5 hxg5 41.Re5 b5 42.Rxg5 Rg2 43.Ka2 Kb6 44.Kb3 Kc6 45.Kc3 Kb6 46.b3 
Kc6 47.Kb4 Re2 48.Rg6+ Kb7 49.Kxb5 Re5+ 50.Kc4 1-0

[Event "20th WCh U20 Girls"]
[Site "Panaji IND"]
[Date "2002.12.18"]
[Round "11"]
[White "Zigangirova, Sofya"]
[Black "Bjerke, Silje"]
[Result "1-0"]
[WhiteElo "2241"]
[BlackElo "2065"]
[EventDate "2002.12.09"]
[PlyCount "121"]

1.e4 e6 2.d4 d5 3.Nc3 Bb4 4.e5 c5 5.a3 Bxc3+ 6.bxc3 Qc7 7.Qg4 f5 8.Qh5+ g6
9.Qd1 b6 10.Bb5+ Bd7 11.Bd3 Ba4 12.Bd2 Nd7 13.h4 h6 14.Nf3 Ne7 15.Qc1 Ng8 
16.Rh3 c4 17.Be2 O-O-O 18.Rg3 Nf8 19.Kf1 Rd7 20.Kg1 Rdh7 21.Rh3 Qg7 22.Kh2
Nd7 23.Be3 Ne7 24.Qd2 Rf8 25.Rh1 Rfh8 26.Kg1 Qf8 27.Qc1 b5 28.Ne1 Qg7 29.
f3 Rg8 30.R1h2 Rf8 31.g3 Ng8 32.Rg2 Qf7 33.Rgh2 Nb8 34.Ng2 Nc6 35.g4 Nce7 
36.h5 g5 37.f4 gxf4 38.Nxf4 Rg7 39.Rg2 Kb8 40.Rhg3 fxg4 41.Rxg4 Rxg4 42.
Bxg4 Nf5 43.Ng6 Nxe3 44.Qxe3 Re8 45.Rf2 Qg7 46.Rg2 a5 47.Qh3 Qd7 48.Rf2 
Qc6 49.Nf4 Rf8 50.Bxe6 Ne7 51.Bd7 Rg8+ 52.Kh2 Qc7 53.Qe6 Qd8 54.Qd6+ Kb7 
55.Nxd5 Nxd5 56.Qxd5+ Ka7 57.Rf6 Rg5 58.Qc5+ Kb8 59.Rb6+ Ka7 60.Rxb5+ Ka6 
61.Qc6+ 1-0

[Event "20th WCh U20 Girls"]
[Site "Panaji IND"]
[Date "2002.12.18"]
[Round "11"]
[White "Milliet, Sophie"]
[Black "Priya Panneer, Ramachandran"]
[Result "1-0"]
[WhiteElo "2164"]
[BlackElo "2106"]
[EventDate "2002.12.09"]
[PlyCount "95"]

1.Nf3 Nf6 2.c4 e6 3.g3 b6 4.Bg2 Bb7 5.O-O Be7 6.d4 O-O 7.d5 exd5 8.Nh4 c6 
9.cxd5 Nxd5 10.Nf5 Nf6 11.e4 d5 12.e5 Nfd7 13.Re1 Nc5 14.Qg4 g6 15.Bh6 Re8
16.Nxe7+ Qxe7 17.Nd2 Nbd7 18.f4 Nd3 19.Rf1 Bc8 20.Qf3 Ba6 21.Bg5 Qc5+ 22.
Kh1 Nxb2 23.Rfc1 Nc4 24.Nxc4 Bxc4 25.Bh3 Nf8 26.Bf6 d4 27.Bg2 Bd5 28.Qf2 
Bxg2+ 29.Qxg2 Qd5 30.Rxc6 Qxg2+ 31.Kxg2 Rac8 32.Rac1 Rxc6 33.Rxc6 Ne6 34.
Kf3 Nc5 35.Rc7 a5 36.Rc6 Na4 37.Ke4 Nc3+ 38.Kxd4 Nxa2 39.Rxb6 Ra8 40.g4 a4
41.f5 gxf5 42.gxf5 a3 43.e6 Nc1 44.Rb1 Nb3+ 45.Rxb3 a2 46.Rg3+ Kf8 47.e7+ 
Ke8 48.Rg8+ 1-0

[Event "20th WCh U20 Girls"]
[Site "Panaji IND"]
[Date "2002.12.18"]
[Round "11"]
[White "Vinuthna, N."]
[Black "Churun, Polina"]
[Result "0-1"]
[WhiteElo "2089"]
[BlackElo "2162"]
[EventDate "2002.12.09"]
[PlyCount "88"]

1.e4 c5 2.Nf3 Nc6 3.Bb5 g6 4.O-O Bg7 5.c3 e5 6.d4 cxd4 7.cxd4 exd4 8.Bf4 
Nge7 9.Bd6 O-O 10.Nbd2 a6 11.Bc4 b5 12.Bd5 h6 13.Nb3 Re8 14.Rc1 Nxd5 15.
exd5 Qf6 16.Bc7 Nb4 17.Be5 Rxe5 18.Nxe5 Nxd5 19.Re1 Bb7 20.Na5 Bc6 21.
Naxc6 dxc6 22.Rxc6 Qg5 23.Nf3 Qg4 24.h3 Qd7 25.Rc1 Nf4 26.Qd2 Ne6 27.Ne5 
Qd5 28.Nd3 Qxa2 29.Qc2 Qd5 30.Qc6 Qxc6 31.Rxc6 a5 32.Rec1 Bf6 33.Rc8+ Rxc8
34.Rxc8+ Kg7 35.Rb8 b4 36.Rb5 Bd8 37.Ne5 Bg5 38.Nd3 Bd8 39.Kf1 Kf6 40.Ke2 
Ke7 41.Rb7+ Bc7 42.Kf3 Kd6 43.Ke4 Kc6 44.Ra7 Ng5+ 0-1

[Event "20th WCh U20 Girls"]
[Site "Panaji IND"]
[Date "2002.12.18"]
[Round "11"]
[White "Rajadharshini, M."]
[Black "Tsai, Cindy"]
[Result "1/2-1/2"]
[WhiteElo "2045"]
[BlackElo "2204"]
[EventDate "2002.12.09"]
[PlyCount "117"]

1.c4 Nf6 2.Nc3 d5 3.cxd5 Nxd5 4.g3 c5 5.Bg2 Nc7 6.d3 e5 7.Nf3 Nc6 8.O-O 
Be7 9.Bd2 O-O 10.Qc1 f6 11.Ne1 Nd4 12.Nc2 Rb8 13.Re1 b6 14.Ne3 Bb7 15.Bxb7
Rxb7 16.b3 Qd7 17.Ng2 f5 18.f4 Bf6 19.Rb1 Nce6 20.fxe5 Bxe5 21.Nf4 Nxf4 
22.Bxf4 Qd6 23.Bxe5 Qxe5 24.Qf4 Re7 25.Qxe5 Rxe5 26.Kf2 Nc2 27.Rec1 Ne3 
28.h3 Rf6 29.Nd1 f4 30.g4 Rh6 31.Nxe3 Rxe3 32.Rc4 g5 33.Rh1 Rhxh3 34.Rxh3 
Rxh3 35.d4 cxd4 36.Rxd4 Rg3 37.Rd8+ Kg7 38.Rd7+ Kg6 39.Rxa7 Rxg4 40.Ra6 h5
41.Rxb6+ Kf5 42.a4 h4 43.a5 h3 44.a6 Rg2+ 45.Kf1 f3 46.exf3 Ra2 47.Rh6 Kf4
48.Rxh3 Rxa6 49.Rh2 Ra1+ 50.Kg2 Rb1 51.Rh1 Rb2+ 52.Kh3 Rxb3 53.Ra1 Rxf3+ 
54.Kg2 Kg4 55.Ra4+ Rf4 56.Rxf4+ Kxf4 57.Kf2 g4 58.Kg2 g3 59.Kg1 1/2-1/2

[Event "20th WCh U20 Girls"]
[Site "Panaji IND"]
[Date "2002.12.18"]
[Round "11"]
[White "Holusova, Tana"]
[Black "Savic, Marijana"]
[Result "1-0"]
[WhiteElo "2106"]
[BlackElo "2141"]
[EventDate "2002.12.09"]
[PlyCount "33"]

1.e4 e5 2.f4 c6 3.Nc3 d5 4.exd5 exf4 5.Nf3 cxd5 6.d4 Bb4 7.Bxf4 Ne7 8.Bd3 
Nbc6 9.O-O O-O 10.Ne2 Bf5 11.Bxf5 Nxf5 12.Qd3 Nfe7 13.Ng5 Ng6 14.h4 h6 15.
Nxf7 Rxf7 16.Qxg6 Qxh4 17.Qxf7+ 1-0

[Event "20th WCh U20 Girls"]
[Site "Panaji IND"]
[Date "2002.12.18"]
[Round "11"]
[White "Anoori, Mehul Shah"]
[Black "Nilavoli, Hariharan"]
[Result "0-1"]
[WhiteElo "2109"]
[BlackElo "2064"]
[EventDate "2002.12.09"]
[PlyCount "62"]

1.Nf3 Nf6 2.g3 e6 3.Bg2 d5 4.O-O Be7 5.d3 b6 6.Nbd2 Bb7 7.b3 c5 8.Bb2 Nc6 
9.e4 Qc7 10.exd5 exd5 11.d4 O-O 12.Re1 Rad8 13.dxc5 bxc5 14.Ne5 Rfe8 15.
Ndf3 Ne4 16.Nxc6 Bxc6 17.Ne5 Bb7 18.f3 Bf6 19.f4 Qb6 20.Bxe4 dxe4 21.Qe2 
Bxe5 22.fxe5 e3 23.Qxe3 Qc6 24.Re2 Re7 25.Rd2 Red7 26.Rad1 Qg2+ 27.Rxg2 
Rxd1+ 28.Kf2 R8d2+ 29.Qe2 Bxg2 30.Bc3 Rxe2+ 31.Kxe2 Rd7 0-1

[Event "20th WCh U20 Girls"]
[Site "Panaji IND"]
[Date "2002.12.18"]
[Round "11"]
[White "Kurbanova, Maygozel"]
[Black "Jennitha, Anto"]
[Result "1-0"]
[WhiteElo "2147"]
[BlackElo "1989"]
[EventDate "2002.12.09"]
[PlyCount "117"]

1.e4 d6 2.Nf3 Nf6 3.d3 g6 4.g3 Bg7 5.Bg2 O-O 6.O-O e5 7.Nbd2 c6 8.Re1 Nbd7
9.c3 Qc7 10.Nf1 Nc5 11.b4 Ne6 12.Bb2 b6 13.d4 Bb7 14.Qc2 Nd7 15.Rad1 Rac8 
16.Ne3 Rfe8 17.Qd2 Red8 18.Ng4 Nf6 19.Nh6+ Kh8 20.Qc1 Ng8 21.Nxg8 Kxg8 22.
Qe3 c5 23.d5 Nf8 24.bxc5 Qxc5 25.Qxc5 bxc5 26.c4 Nd7 27.Rb1 Nb6 28.Bf1 Ba6
29.Rec1 Rb8 30.Ba3 Bh6 31.Rc2 Na4 32.Rxb8 Rxb8 33.Kg2 f5 34.exf5 gxf5 35.
Nd2 Bxd2 36.Rxd2 Nc3 37.Rc2 Na4 38.Rc1 Kf7 39.Be2 Rb7 40.Bd1 Nb2 41.Bb3 
Nd3 42.Rc3 e4 43.Kf1 Ne5 44.Ke2 Kf6 45.h3 h5 46.h4 Nf3 47.Ke3 Nd4 48.Bb2 
Ke5 49.Rc1 Rf7 50.f4+ exf3 51.Bxd4+ cxd4+ 52.Kxf3 d3 53.Ke3 Rg7 54.Rg1 Rg4
55.Kxd3 f4 56.gxf4+ Kxf4 57.Rf1+ Ke5 58.Re1+ Kf6 59.Re3 1-0

[Event "20th WCh U20 Girls"]
[Site "Panaji IND"]
[Date "2002.12.18"]
[Round "11"]
[White "Trujillo Delgado, Dafnae"]
[Black "Delphin, C."]
[Result "0-1"]
[WhiteElo "2036"]
[BlackElo "2084"]
[EventDate "2002.12.09"]
[PlyCount "108"]

1.e4 c5 2.Nf3 Nc6 3.d4 cxd4 4.Nxd4 Nf6 5.Nc3 e5 6.Ndb5 d6 7.Nd5 Nxd5 8.
exd5 Nb8 9.c4 Be7 10.Be3 O-O 11.Qd2 a6 12.Nc3 f5 13.f3 Bh4+ 14.g3 f4 15.
Bf2 fxg3 16.hxg3 Bg5 17.Be3 Bxe3 18.Qxe3 Bf5 19.Bd3 Nd7 20.Ne4 Bxe4 21.
Qxe4 Nf6 22.Qe3 Qa5+ 23.Qd2 Qxd2+ 24.Kxd2 g6 25.Rh3 Kg7 26.g4 e4 27.Bxe4 
Nxe4+ 28.fxe4 Rf4 29.Rah1 Rh8 30.Rb3 Rb8 31.Ke3 Rxg4 32.Rb6 Re8 33.Rxb7+ 
Kf6 34.Rb6 Rexe4+ 35.Kd3 Rd4+ 36.Ke3 Rge4+ 37.Kf3 Kf5 38.Rxh7 Rd3+ 39.Kf2 
Rxc4 40.Rf7+ Kg4 41.Rc6 Rb4 42.b3 Rxd5 43.Rxa6 Rbd4 44.Re7 g5 45.Rc6 Rf4+ 
46.Ke2 Rdf5 47.Rc4 Rxc4 48.bxc4 Ra5 49.Re6 Rxa2+ 50.Kd3 Ra1 51.Ke2 Ra6 52.
Rf6 Kg3 53.Ke3 g4 54.Ke4 d5+ 0-1

[Event "20th WCh U20 Girls"]
[Site "Panaji IND"]
[Date "2002.12.18"]
[Round "11"]
[White "Coimbra, Margarida Goncalves"]
[Black "Rajalakshmi, C. V."]
[Result "0-1"]
[WhiteElo "2082"]
[BlackElo "2018"]
[EventDate "2002.12.09"]
[PlyCount "104"]

1.e4 c6 2.d4 d5 3.exd5 cxd5 4.Bd3 g6 5.c3 Bg7 6.Bf4 Nc6 7.Nf3 Nh6 8.Nbd2 
O-O 9.O-O f6 10.Re1 Nf7 11.Bb5 a6 12.Bxc6 bxc6 13.Nb3 Re8 14.Nc5 e5 15.Bg3
Bg4 16.h3 Bh5 17.Bh2 Ng5 18.Qd3 e4 19.Nxe4 Nxf3+ 20.gxf3 dxe4 21.fxe4 Kh8 
22.b3 Qd7 23.Re3 Bh6 24.f4 a5 25.c4 Rad8 26.d5 f5 27.exf5 gxf5 28.Rxe8+ 
Rxe8 29.Rc1 Rd8 30.Qc3+ Bg7 31.Qxa5 Bd4+ 32.Kf1 Re8 33.dxc6 Qxc6 34.Qd5 
Qxd5 35.cxd5 Rd8 36.Rc2 Bf7 37.Rd2 Rxd5 38.Bg1 Bxg1 39.Rxd5 Bxd5 40.Kxg1 
Kg7 41.Kf2 Kf6 42.Ke3 Ke7 43.Kd4 Kd6 44.Ke3 Bg2 45.h4 Kd5 46.Kd3 Bf1+ 47.
Ke3 Kc5 48.a4 h5 49.Kf2 Bd3 50.Ke3 Bc2 51.b4+ Kxb4 52.Kd4 Bd1 0-1

[Event "20th WCh U20 Girls"]
[Site "Panaji IND"]
[Date "2002.12.18"]
[Round "11"]
[White "Nabeela, Farheen"]
[Black "Lapinskaite, Sarune"]
[Result "0-1"]
[WhiteElo "2067"]
[BlackElo "2034"]
[EventDate "2002.12.09"]
[PlyCount "65"]

1.e4 c5 2.Nf3 e6 3.d4 cxd4 4.Nxd4 a6 5.Be2 Qc7 6.O-O Nf6 7.Nc3 Nc6 8.Be3 
b5 9.a3 Bb7 10.f4 d6 11.Kh1 Be7 12.Bd3 O-O 13.Qf3 Na5 14.Rae1 Nc4 15.Bxc4 
Qxc4 16.Bg1 Rac8 17.Nb3 Ba8 18.Qe3 d5 19.Nd2 Qc6 20.Rf3 Nxe4 21.Ndxe4 dxe4
22.Rh3 f5 23.Re2 Bf6 24.Qc1 Rfd8 25.Na2 Qc4 26.Re1 Qxa2 27.c3 Qc4 28.Rhe3 
Bh4 29.Rd1 Be7 30.Ree1 Bc5 31.Be3 Bxe3 32.Qxe3 Rxd1 33.Rxd1 0-1